[Event "TCh-FRA Top 16 GpA 2022"]
[Site "Chartres FRA"]
[Date "2022.06.10"]
[Round "2.2"]
[Board "5"]
[White "Pucher, Olivier"]
[Black "Naiditsch, Arkadij"]
[Result "0-1"]
[WhiteTitle "FM"]
[BlackTitle "GM"]
[WhiteElo "2341"]
[BlackElo "2653"]
[WhiteTeam "Club d'Echecs Metz Fischer"]
[BlackTeam "Bischwiller"]
[WhiteFideId "620203"]
[BlackFideId "4650891"]
[EventDate "2022.06.09"]

1. c4 e5 2. Nc3 Nc6 3. Nf3 g6 4. d4 exd4 5. Nxd4 Bg7 6. Nxc6 bxc6 7. g3 Rb8 8.
Bg2 Ne7 9. O-O O-O 10. Qc2 Nf5 11. Rd1 Nd4 12. Qa4 Qe7 13. Rd2 Rb4 14. Qxa7 Rxc4
15. Qxc7 Qc5 16. e3 Nf5 17. Rxd7 Be5 18. Qa7 Bxd7 19. Qxd7 Rb8 20. Bd2 Rxb2 21.
Ne4 Rxe4 22. Bxe4 Rxd2 23. Qxd2 Bxa1 24. Qd7 Ne7 0-1

[Event "TCh-FRA Top 16 GpA 2022"]
[Site "Chartres FRA"]
[Date "2022.06.10"]
[Round "2.2"]
[Board "6"]
[White "Sebag, Marie"]
[Black "Taddei, Benoit"]
[Result "1/2-1/2"]
[WhiteTitle "GM"]
[BlackTitle "FM"]
[WhiteElo "2472"]
[BlackElo "2279"]
[WhiteTeam "Bischwiller"]
[BlackTeam "Club d'Echecs Metz Fischer"]
[WhiteFideId "617822"]
[BlackFideId "610151"]
[EventDate "2022.06.09"]

1. e4 d5 2. exd5 Qxd5 3. Nc3 Qa5 4. d4 Nf6 5. Nf3 Bf5 6. Bc4 e6 7. Bd2 Bb4 8. a3
Bxc3 9. Bxc3 Qb6 10. O-O Nc6 11. b4 a6 12. Rb1 O-O 13. Bd3 Bxd3 14. Qxd3 Qb5 15.
Rfd1 Nd5 16. Bb2 Qxd3 17. Rxd3 b5 18. Bc1 Rfd8 19. g3 1/2-1/2

[Event "TCh-FRA Top 16 GpA 2022"]
[Site "Chartres FRA"]
[Date "2022.06.10"]
[Round "2.2"]
[Board "7"]
[White "Fardet, Elouan"]
[Black "Le Roux, Jean-Pierre"]
[Result "1-0"]
[BlackTitle "GM"]
[WhiteElo "2189"]
[BlackElo "2513"]
[WhiteTeam "Club d'Echecs Metz Fischer"]
[BlackTeam "Bischwiller"]
[WhiteFideId "45163596"]
[BlackFideId "609404"]
[EventDate "2022.06.09"]

1. e4 c5 2. Nf3 Nc6 3. d4 cxd4 4. Nxd4 Nf6 5. Nc3 h5 6. Bc4 g6 7. f3 Bg7 8. Be3
O-O 9. Qd2 d6 10. O-O-O Bd7 11. Kb1 Rc8 12. Bb3 Ne5 13. Bh6 Nc4 14. Qg5 Rc5 15.
Qc1 b5 16. Ncxb5 Bxb5 17. Nxb5 Nxb2 18. Bxg7 Kxg7 19. Qxb2 Rxb5 20. e5 Rxe5 21.
Qxe5 dxe5 22. Rxd8 Rxd8 23. Re1 Nd7 24. Rd1 Kf6 25. Kc1 e6 26. Rd6 Ke7 27. Ra6
Ra8 28. Kd2 Kd8 29. Ke3 Kc7 30. Ba4 Nb6 31. Bb3 Kd6 32. c3 Kc6 33. Ra5 Kd6 34.
Ra6 h4 35. c4 Kc7 36. Ke4 Nd7 37. Ra5 a6 38. f4 Kb6 39. Ra3 f5+ 40. Ke3 Rc8 41.
fxe5 Nxe5 42. Kd4 Nc6+ 43. Ke3 e5 44. c5+ Kb5 45. Bc2 Kxc5 46. Bd3 a5 47. Rc3+
Kd6 48. Bb5 Ne7 1-0

[Event "TCh-FRA Top 16 GpA 2022"]
[Site "Chartres FRA"]
[Date "2022.06.10"]
[Round "2.2"]
[Board "8"]
[White "Bellahcene, Bilel"]
[Black "Rouzes, Sibylle-Anne"]
[Result "1-0"]
[WhiteTitle "GM"]
[WhiteElo "2513"]
[BlackElo "1580"]
[WhiteTeam "Bischwiller"]
[BlackTeam "Club d'Echecs Metz Fischer"]
[WhiteFideId "696358"]
[BlackFideId "20676433"]
[EventDate "2022.06.09"]

1. e4 c6 2. d4 d5 3. Nc3 dxe4 4. Nxe4 Bf5 5. Ng3 Bg6 6. Bc4 e6 7. N1e2 Nf6 8. h4
Qa5+ 9. Bd2 Bb4 10. c3 Bd6 11. b4 Qc7 12. h5 Be4 13. Nxe4 Nxe4 14. Be3 Nd7 15.
a4 Nb6 16. Bd3 Nf6 17. h6 g6 18. Bg5 Nfd5 19. g3 f6 20. Bd2 Nd7 21. Qb3 Bf8 22.
c4 Ne7 23. Nf4 e5 24. Ne6 Qc8 25. d5 cxd5 26. cxd5 Nb6 27. Rc1 Qd7 28. Bb5 1-0

[Event "TCh-FRA Top 16 GpA 2022"]
[Site "Chartres FRA"]
[Date "2022.06.10"]
[Round "2.3"]
[Board "1"]
[White "Alonso Rosell, Alvar"]
[Black "Dourerassou, Jonathan"]
[Result "1-0"]
[WhiteTitle "GM"]
[BlackTitle "GM"]
[WhiteElo "2562"]
[BlackElo "2444"]
[WhiteTeam "Club 608 d'Echecs Paris"]
[BlackTeam "U.S.Villejuif Echecs"]
[WhiteFideId "2270544"]
[BlackFideId "628050"]
[EventDate "2022.06.09"]

1. d4 d5 2. c4 e6 3. Nf3 Nf6 4. g3 Be7 5. Bg2 O-O 6. Qc2 Nc6 7. a3 dxc4 8. Qxc4
Qd5 9. Nbd2 Rd8 10. e3 Qh5 11. h3 Bd6 12. Qe2 Bd7 13. e4 Bf8 14. O-O Qa5 15. Rd1
Qa4 16. e5 Nd5 17. Ne4 Na5 18. Nfg5 h6 19. Nxf7 Kxf7 20. Bxh6 Be8 21. Bg5 Kg8
22. Bxd8 Rxd8 23. b4 Nb3 24. Rab1 Nxd4 25. Rxd4 Nf4 26. Nf6+ gxf6 27. Qg4+ Ng6
28. Rxd8 f5 29. Qg5 Kh7 30. b5 Bxb5 31. Rxf8 Nxf8 32. Rb4 Qd1+ 33. Kh2 Ng6 34.
Rxb5 1-0

[Event "TCh-FRA Top 16 GpA 2022"]
[Site "Chartres FRA"]
[Date "2022.06.10"]
[Round "2.3"]
[Board "2"]
[White "Sochacki, Christophe"]
[Black "Relange, Eloi"]
[Result "1/2-1/2"]
[WhiteTitle "GM"]
[BlackTitle "GM"]
[WhiteElo "2487"]
[BlackElo "2456"]
[WhiteTeam "U.S.Villejuif Echecs"]
[BlackTeam "Club 608 d'Echecs Paris"]
[WhiteFideId "662569"]
[BlackFideId "600822"]
[EventDate "2022.06.09"]

1. e4 d6 2. d4 Nf6 3. Nc3 e5 4. Nf3 Nbd7 5. h3 g6 6. Bg5 Bg7 7. Nxe5 h6 8. Bxf6
Nxf6 9. Nf3 O-O 10. Bd3 c5 11. dxc5 dxc5 12. Qd2 Be6 13. O-O c4 14. Be2 Qb6 15.
a4 Rad8 16. Qc1 Rfe8 17. Re1 Nd7 18. a5 Qb4 19. Ra4 Qc5 20. Bf1 Qc6 21. Rb4 Qc7
22. Nd5 Qxa5 23. Rxb7 Bxd5 24. exd5 Rxe1 25. Qxe1 Qxe1 26. Nxe1 Nb6 27. Rxa7
Rxd5 28. Rb7 Rd1 29. Rb8+ Kh7 30. Rxb6 Rxe1 31. Rb7 Rb1 32. b4 c3 33. b5 Rc1 34.
Rxf7 Rxc2 35. Rc7 h5 36. g4 hxg4 37. hxg4 Kh8 38. b6 Rb2 39. b7 Be5 40. Rc5 c2
41. Kg2 Rxb7 42. Rxc2 Rb2 43. Rc8+ Kg7 44. Bd3 g5 45. Kf3 Bf4 46. Re8 Kf6 47.
Re1 Be5 48. Rh1 Bf4 49. Bf5 Kf7 50. Rf1 Kf6 51. Ke4 Rb4+ 52. Kd5 Rb5+ 53. Kc6
Rb2 54. f3 Rd2 55. Rh1 Kf7 56. Rh7+ Kf6 57. Be4 Rd6+ 58. Kc5 Rd1 59. Rh6+ Ke7 1/2-1/2

[Event "TCh-FRA Top 16 GpA 2022"]
[Site "Chartres FRA"]
[Date "2022.06.10"]
[Round "2.3"]
[Board "3"]
[White "Song, Julien"]
[Black "Sochacki, Wojtek"]
[Result "1/2-1/2"]
[WhiteTitle "IM"]
[BlackTitle "IM"]
[WhiteElo "2402"]
[BlackElo "2324"]
[WhiteTeam "Club 608 d'Echecs Paris"]
[BlackTeam "U.S.Villejuif Echecs"]
[WhiteFideId "659487"]
[BlackFideId "651389"]
[EventDate "2022.06.09"]

1. d4 d5 2. c4 dxc4 3. Nf3 Nf6 4. e3 e6 5. Bxc4 a6 6. O-O c5 7. dxc5 Bxc5 8.
Qxd8+ Kxd8 9. Ne5 Ke8 10. Be2 Nbd7 11. Nd3 Be7 12. Bd2 Ne4 13. Rc1 Nxd2 14. Nxd2
Rb8 15. Nb3 Bd6 16. Rc2 Nb6 17. Bf3 Ke7 18. Ndc5 Nd7 19. Ne4 Be5 20. Na5 f5 21.
Nd2 Rd8 22. Rac1 Nb6 23. Ndb3 Na4 24. Nd4 Bxd4 25. exd4 Nb6 26. Rc7+ Rd7 27. b3
Kd8 28. Rxd7+ Kxd7 29. Kf1 Nd5 30. Bxd5 exd5 31. h4 Kd6 32. b4 Bd7 33. f3 b6 34.
Nb3 Bb5+ 35. Kf2 Re8 36. Rc2 Bd3 37. Rd2 Bc4 38. Nc1 Kc6 39. a4 a5 40. bxa5 bxa5
41. Rb2 Kc7 42. g3 g6 43. Ne2 Bxe2 44. Rxe2 Rxe2+ 1/2-1/2

[Event "TCh-FRA Top 16 GpA 2022"]
[Site "Chartres FRA"]
[Date "2022.06.10"]
[Round "2.3"]
[Board "4"]
[White "Eden, James"]
[Black "Sohier, Julien"]
[Result "1-0"]
[WhiteTitle "IM"]
[BlackTitle "FM"]
[WhiteElo "2253"]
[BlackElo "2218"]
[WhiteTeam "U.S.Villejuif Echecs"]
[BlackTeam "Club 608 d'Echecs Paris"]
[WhiteFideId "666491"]
[BlackFideId "645346"]
[EventDate "2022.06.09"]

1. e4 e5 2. Nf3 Nc6 3. Bc4 Bc5 4. c3 Nf6 5. d3 O-O 6. O-O d5 7. exd5 Nxd5 8. Re1
Bg4 9. Nbd2 Nb6 10. h3 Bh5 11. Bb3 Qxd3 12. Nxe5 Qf5 13. Nef3 Rad8 14. Qe2 Qc8
15. Ne4 Rfe8 16. Bf4 Bg6 17. Nfg5 Bf8 18. h4 Na5 19. Bxf7+ Bxf7 20. Nxf7 Kxf7
21. Qh5+ Kg8 22. Qxa5 Nd5 23. Bg5 Ne7 24. Qxa7 h6 25. Bxe7 Bxe7 26. g3 Rd3 27.
Qa4 Red8 28. Rad1 Rxd1 29. Rxd1 Bxh4 30. Rxd8+ Bxd8 31. Qe8+ Kh7 32. f3 c6 33.
Kg2 Qc7 34. b4 Qe7 35. Qh5 Qe6 36. a4 Qa2+ 37. Kh3 Qe6+ 38. Qg4 Qd5 39. Nc5 b6
40. Ne6 Bf6 41. c4 Qd3 42. Qe4+ Qxe4 43. fxe4 Bc3 44. c5 bxc5 45. bxc5 Bb4 46.
Nd4 Bxc5 47. Nxc6 Kg6 48. a5 Kf6 49. a6 g5 50. Kg4 1-0

[Event "TCh-FRA Top 16 GpA 2022"]
[Site "Chartres FRA"]
[Date "2022.06.10"]
[Round "2.3"]
[Board "5"]
[White "Ramirez Garcia, Jorge Alberto"]
[Black "Caille, Hugo"]
[Result "1-0"]
[WhiteTitle "FM"]
[WhiteElo "2242"]
[BlackElo "2159"]
[WhiteTeam "Club 608 d'Echecs Paris"]
[BlackTeam "U.S.Villejuif Echecs"]
[WhiteFideId "5108101"]
[BlackFideId "20681348"]
[EventDate "2022.06.09"]

1. e4 c6 2. Nf3 d5 3. d3 dxe4 4. dxe4 Qxd1+ 5. Kxd1 Nf6 6. Nfd2 g5 7. a4 Bg7 8.
c3 Be6 9. f3 Nbd7 10. Bc4 Nc5 11. b4 Bxc4 12. Nxc4 Nb3 13. Ra2 Nxc1 14. Kxc1 Nd7
15. Kc2 Ne5 16. Nba3 Ng6 17. Kb3 O-O-O 18. Nb1 Rd3 19. Rd2 Rxd2 20. Nbxd2 Rd8
21. Kc2 Kc7 22. g3 h5 23. Ne3 e6 24. Ndc4 h4 25. Rd1 Rxd1 26. Nxd1 hxg3 27. hxg3
Ne5 28. Nxe5 Bxe5 29. g4 b5 30. Kb3 Kd6 31. axb5 cxb5 32. Nf2 Kc6 33. Nd3 Bd6
34. c4 f6 35. Ne1 Be5 36. Nc2 a6 37. cxb5+ axb5 38. Na3 Bg3 39. Nc2 Be5 40. Ne1
Bd4 41. Kc2 e5 42. Nd3 Bb6 43. Nc1 Be3 44. Ne2 Bb6 45. Nc3 Bd8 46. Kb3 Bc7 47.
Nd5 Bd8 48. Kc3 Kd6 49. Kd3 Ke6 50. Nc3 Be7 51. Nxb5 Bxb4 52. Kc4 Be7 53. Nc7+
Kd6 54. Nd5 Bd8 55. Kb5 Kd7 56. Kc5 Ke6 57. Kc6 Ba5 58. Ne3 Bd2 59. Nc4 Bb4 60.
Kc7 Ke7 61. Ne3 Ba5+ 62. Kc8 Ke8 63. Kb7 Bd8 64. Kc6 Ke7 65. Kd5 Kd7 66. Nf5 Be7
67. Ng3 Bf8 68. Ne2 Bb4 69. Nc1 Be7 70. Na2 Ba3 71. Nc3 Bb4 72. Na4 Ba5 73. Nc5+
Ke7 74. Kc6 Bb4 75. Na6 Bd6 76. Nc7 Ba3 77. Nd5+ Ke6 78. Kc7 Be7 79. Kc8 Bd6 80.
Kd8 Kf7 81. Kd7 Bc5 82. Nc7 Bb6 83. Nb5 Ba5 84. Nd6+ Kf8 85. Nb7 Bb4 86. Ke6 Be7
87. Na5 1-0

[Event "TCh-FRA Top 16 GpA 2022"]
[Site "Chartres FRA"]
[Date "2022.06.10"]
[Round "2.3"]
[Board "6"]
[White "Cantin, Loic"]
[Black "Iglesias, Yosha"]
[Result "1-0"]
[BlackTitle "FM"]
[WhiteElo "2199"]
[BlackElo "2202"]
[WhiteTeam "U.S.Villejuif Echecs"]
[BlackTeam "Club 608 d'Echecs Paris"]
[WhiteFideId "679070"]
[BlackFideId "637823"]
[EventDate "2022.06.09"]

1. Nf3 d5 2. c4 e6 3. g3 d4 4. Bg2 Nc6 5. O-O Bc5 6. d3 Nge7 7. b3 Qd6 8. Bb2
O-O 9. Qc1 a5 10. Na3 e5 11. Ng5 Bxa3 12. Bxa3 Qg6 13. Bxc6 Nxc6 14. Bxf8 Kxf8
15. f4 h6 16. Nf3 e4 17. Nh4 Qh5 18. dxe4 Qxe2 19. Qe1 Bg4 20. Rf2 Qxe1+ 21.
Rxe1 a4 22. Kg2 d3 23. Rd2 Be2 24. Nf3 axb3 25. axb3 Bxf3+ 26. Kxf3 Nd4+ 27. Kg4
Nxb3 28. Rxd3 Nc5 29. Rd2 Ke7 30. Rd5 b6 31. Red1 Ra4 32. R5d4 Ra2 33. h4 Ra3
34. h5 Re3 35. e5 Ne4 36. Rd7+ Ke6 37. f5+ Kxe5 38. R1d5+ Kf6 39. Rxc7 Ng5 40.
Rd6+ Ke5 41. Re7+ Kxd6 42. Rxe3 Kc5 43. f6 gxf6 44. Kf5 Kxc4 45. Kxf6 b5 46. Kg7
b4 47. Kxh6 Ne6 48. Kh7 b3 49. Kg8 b2 50. Re1 Kd5 1-0

[Event "TCh-FRA Top 16 GpA 2022"]
[Site "Chartres FRA"]
[Date "2022.06.10"]
[Round "2.3"]
[Board "7"]
[White "Baillon, Olivier"]
[Black "Da Silva, Quentin"]
[Result "1/2-1/2"]
[WhiteElo "2197"]
[BlackElo "2171"]
[WhiteTeam "Club 608 d'Echecs Paris"]
[BlackTeam "U.S.Villejuif Echecs"]
[WhiteFideId "616141"]
[BlackFideId "26009528"]
[EventDate "2022.06.09"]

1. Nf3 Nf6 2. c4 g6 3. b3 Bg7 4. Bb2 d6 5. d4 O-O 6. g3 c5 7. Nc3 cxd4 8. Qxd4
Qa5 9. Qd2 Ne4 10. Nxe4 Qxd2+ 11. Nfxd2 Bxb2 12. Rb1 Bg7 13. Bg2 Nc6 14. O-O Nb4
15. a3 Nc2 16. a4 Nb4 17. Rfc1 Bf5 18. Bf3 h5 19. Kg2 Rab8 20. h3 b6 21. g4 hxg4
22. hxg4 Bd7 23. Nc3 a6 24. g5 Rfc8 25. Nd5 Nxd5 26. Bxd5 Bf5 27. Be4 1/2-1/2

[Event "TCh-FRA Top 16 GpA 2022"]
[Site "Chartres FRA"]
[Date "2022.06.10"]
[Round "2.3"]
[Board "8"]
[White "Auvray, Juliette"]
[Black "Dieuleveut, Floriane"]
[Result "1-0"]
[WhiteElo "1970"]
[BlackElo "1863"]
[WhiteTeam "Club 608 d'Echecs Paris"]
[BlackTeam "U.S.Villejuif Echecs"]
[WhiteFideId "695904"]
[BlackFideId "604208"]
[EventDate "2022.06.09"]

1. e4 c5 2. Nf3 d6 3. d4 cxd4 4. Qxd4 Nc6 5. Bb5 Bd7 6. Bxc6 Bxc6 7. Nc3 Nf6 8.
Bg5 e6 9. O-O-O Be7 10. Qd3 Qa5 11. h4 O-O 12. Nd4 a6 13. f4 Qc7 14. f5 Bd7 15.
g4 b5 16. Bxf6 Bxf6 17. g5 Be5 18. f6 b4 19. fxg7 Rfc8 20. Nce2 Qa5 21. Kb1 Bb5
22. Nxb5 axb5 23. Qb3 Rc6 24. h5 Rca6 25. Nc1 Kxg7 26. Rdf1 R6a7 27. g6 Qa4 28.
gxf7 Qxb3 29. cxb3 Bf6 30. Rf3 Rxf7 31. Rhf1 Raf8 32. Nd3 Bg5 33. Rxf7+ Rxf7 34.
Rxf7+ Kxf7 35. Nxb4 Kf6 36. Kc2 Be3 37. Kd3 Bb6 38. a4 Kg5 39. Nc6 Kxh5 40. a5
Bg1 41. a6 Bb6 42. a7 Bxa7 43. Nxa7 b4 44. Nc6 Kg4 45. Ke3 h5 46. Nxb4 h4 47.
Nd3 Kg3 48. Nf2 d5 49. exd5 exd5 50. b4 d4+ 51. Ke2 Kf4 52. b5 Ke5 53. Kd3 Kf4
54. b6 1-0

[Event "TCh-FRA Top 16 GpA 2022"]
[Site "Chartres FRA"]
[Date "2022.06.10"]
[Round "2.4"]
[Board "1"]
[White "Piorun, Kacper"]
[Black "Mamedov, Rauf"]
[Result "1/2-1/2"]
[WhiteTitle "GM"]
[BlackTitle "GM"]
[WhiteElo "2627"]
[BlackElo "2656"]
[WhiteTeam "Tremblay en France"]
[BlackTeam "C'Chartres Echecs"]
[WhiteFideId "1130420"]
[BlackFideId "13401653"]
[EventDate "2022.06.09"]

1. d4 d5 2. c4 c6 3. Nc3 Nf6 4. e3 Bf5 5. cxd5 cxd5 6. Qb3 Nc6 7. Qxb7 Bd7 8.
Qb3 Rb8 9. Qd1 e5 10. dxe5 Nxe5 11. Be2 Bd6 12. Nf3 Nxf3+ 13. Bxf3 Qc7 14. g3
Bh3 15. Qa4+ Bd7 16. Qd1 Bh3 17. Qa4+ Bd7 18. Qd1 1/2-1/2

[Event "TCh-FRA Top 16 GpA 2022"]
[Site "Chartres FRA"]
[Date "2022.06.10"]
[Round "2.4"]
[Board "2"]
[White "Lagarde, Maxime"]
[Black "Malakhov, Vladimir"]
[Result "1-0"]
[WhiteTitle "GM"]
[BlackTitle "GM"]
[WhiteElo "2628"]
[BlackElo "2652"]
[WhiteTeam "C'Chartres Echecs"]
[BlackTeam "Tremblay en France"]
[WhiteFideId "662399"]
[BlackFideId "4120787"]
[EventDate "2022.06.09"]

1. d4 d5 2. c4 c6 3. cxd5 cxd5 4. Bf4 Nc6 5. e3 Nf6 6. Nc3 e6 7. Bd3 Be7 8. h3
O-O 9. Nf3 Bd6 10. O-O Bxf4 11. exf4 Qd6 12. Qd2 Bd7 13. Rac1 Rac8 14. Rfe1 a6
15. Ne5 Rc7 16. Re3 Rfc8 17. Rce1 Nxd4 18. Bxh7+ Kxh7 19. Qxd4 Qc5 20. Qd2 Be8
21. Ng4 d4 22. Re5 Qe7 23. Qxd4 Rc4 24. Qd3+ g6 25. f5 Nxg4 26. fxg6+ fxg6 27.
Rxe6 Qh4 28. Re7+ Kh6 1-0

[Event "TCh-FRA Top 16 GpA 2022"]
[Site "Chartres FRA"]
[Date "2022.06.10"]
[Round "2.4"]
[Board "3"]
[White "Van Foreest, Lucas"]
[Black "Tiviakov, Sergei"]
[Result "1/2-1/2"]
[WhiteTitle "GM"]
[BlackTitle "GM"]
[WhiteElo "2553"]
[BlackElo "2570"]
[WhiteTeam "Tremblay en France"]
[BlackTeam "C'Chartres Echecs"]
[WhiteFideId "1039792"]
[BlackFideId "1008013"]
[EventDate "2022.06.09"]

1. d4 Nf6 2. Bg5 d5 3. e3 c5 4. Bxf6 gxf6 5. dxc5 e6 6. Nf3 Nc6 7. Be2 Bxc5 8.
O-O O-O 9. c4 dxc4 10. Qa4 Bd7 11. Qxc4 Be7 12. Rd1 Rc8 13. Nc3 Kh8 14. Rd2 Nb8
15. Qh4 Rg8 16. Rad1 a6 17. Ne4 f5 18. Qh5 f6 19. Nd6 Bxd6 20. Rxd6 Qe7 21. R6d2
Ba4 22. b3 Bc6 23. g3 Be8 24. Qh6 Nc6 25. Qf4 Rg7 26. h3 Rc7 27. Qh4 Rd7 28. e4
Rxd2 29. Rxd2 fxe4 30. Qxe4 Bd7 31. Nd4 Nxd4 32. Qxd4 Bc6 33. Qe3 Rg5 34. Bf3
Rc5 35. Bxc6 Rxc6 36. Qf3 Rc1+ 37. Kg2 Kg7 38. Rd4 Rc5 39. Qg4+ Kf8 40. Qd1 Ke8
41. b4 Rc7 42. a3 e5 43. Rd5 Rd7 44. Kf3 f5 45. Kg2 Kd8 46. Qd2 Rxd5 47. Qxd5+
Kc7 48. Qc4+ Kd7 49. Qd3+ Ke6 50. Qc4+ Kd7 51. Qd5+ Kc7 52. g4 fxg4 53. hxg4 Qf6
54. f3 h6 55. Kf2 Qb6+ 56. Ke2 Qb5+ 57. Qxb5 axb5 58. Ke3 Kd6 59. Ke4 Ke6 60. f4
exf4 61. Kxf4 Kf6 62. Ke4 Kg5 63. Kf3 Kg6 64. Ke4 Kg5 65. Kf3 1/2-1/2

[Event "TCh-FRA Top 16 GpA 2022"]
[Site "Chartres FRA"]
[Date "2022.06.10"]
[Round "2.4"]
[Board "4"]
[White "Kamsky, Gata"]
[Black "Flom, Gabriel"]
[Result "1-0"]
[WhiteTitle "GM"]
[BlackTitle "GM"]
[WhiteElo "2655"]
[BlackElo "2428"]
[WhiteTeam "C'Chartres Echecs"]
[BlackTeam "Tremblay en France"]
[WhiteFideId "2000024"]
[BlackFideId "621650"]
[EventDate "2022.06.09"]

1. d4 Nf6 2. Bf4 d5 3. e3 c5 4. c3 Nc6 5. Nd2 cxd4 6. exd4 Bf5 7. Qb3 Qc8 8.
Ngf3 e6 9. Be2 h6 10. O-O Be7 11. Ne5 O-O 12. a4 Nd7 13. Nef3 Bd8 14. Rfe1 Bc7
15. Bg3 Bxg3 16. hxg3 Qc7 17. Bb5 a6 18. Bf1 Rfe8 19. Qa3 e5 20. dxe5 Ncxe5 21.
a5 Nxf3+ 22. Nxf3 Be4 23. Nd4 Ne5 24. b4 Nc4 25. Bxc4 dxc4 26. Re3 Bd3 27. Rae1
Rxe3 28. Rxe3 Qd7 29. Qc1 Re8 30. f3 Qa4 31. Rxe8+ Qxe8 32. Kf2 Qa4 33. g4 Kh7
34. Kg3 Qe8 35. Kf2 Qa4 36. Qe1 Qa2+ 37. Kg3 Qb2 38. f4 Qa3 39. Nf3 Qb2 40. g5
h5 41. Nd4 g6 42. Nf3 Bf5 43. Qe3 Qa1 44. Qe1 Qb2 45. Nd4 h4+ 46. Kf3 h3 47.
gxh3 Bxh3 48. Ke4 Qg2+ 49. Ke5 Qg4 50. Qe3 Bg2 51. Kd6 Qc8 52. Qe7 Qb8+ 53. Kc5
Qxf4 54. Kxc4 Kg8 55. Kc5 Qd2 56. c4 Bh1 57. Qc7 Kg7 58. Qe5+ Kg8 59. Ne2 Qd7
60. Nf4 Qc8+ 61. Kd4 Qd7+ 62. Kc5 Qc6+ 63. Kd4 Qa4 64. Qe1 Qd7+ 65. Kc3 Bc6 66.
Nd3 Qg4 67. Qe3 Qd1 68. Kd4 Qa1+ 69. Kc5 Qc3 70. Qd4 Qd2 71. Nf4 Qe1 72. Nd5
Bxd5 73. cxd5 Qc1+ 74. Kb6 1-0

[Event "TCh-FRA Top 16 GpA 2022"]
[Site "Chartres FRA"]
[Date "2022.06.10"]
[Round "2.4"]
[Board "5"]
[White "Abergel, Thal"]
[Black "Bauer, Christian"]
[Result "1-0"]
[WhiteTitle "GM"]
[BlackTitle "GM"]
[WhiteElo "2387"]
[BlackElo "2607"]
[WhiteTeam "Tremblay en France"]
[BlackTeam "C'Chartres Echecs"]
[WhiteFideId "614890"]
[BlackFideId "603767"]
[EventDate "2022.06.09"]

1. e4 c5 2. Be2 Nc6 3. f4 g6 4. Nf3 Bg7 5. d3 d6 6. c3 Rb8 7. O-O Nf6 8. Qe1 O-O
9. Nbd2 b5 10. a3 Nd7 11. Ng5 e6 12. Ndf3 Nb6 13. g4 f6 14. Nh3 f5 15. Nh4 Ne7
16. Bf3 Qd7 17. Qg3 Bb7 18. Rf2 c4 19. gxf5 exf5 20. exf5 Nxf5 21. Nxf5 Qxf5 22.
Be3 Bxf3 23. Qxf3 cxd3 24. Bxb6 Rxb6 25. Rd1 a5 26. Rxd3 b4 27. cxb4 axb4 28. a4
h6 29. Kg2 Kh7 30. b3 Rc8 31. Rd5 Qf6 32. Ng5+ Kh8 33. Ne4 Qe6 34. Rfd2 Rc1 35.
a5 Rbc6 36. Rxd6 Rxd6 37. Rxd6 Qf5 38. a6 Ra1 39. h4 Ra2+ 40. Kg3 Ra3 41. Qd3
Qf7 42. Nc5 Bf6 43. Qe4 Qf8 44. Rd7 Ra2 45. a7 Ra5 46. Qxg6 Bxh4+ 47. Kh3 Be7
48. Ne6 1-0

[Event "TCh-FRA Top 16 GpA 2022"]
[Site "Chartres FRA"]
[Date "2022.06.10"]
[Round "2.4"]
[Board "6"]
[White "Maurizzi, Marc'Andria"]
[Black "Kuhn, Clement"]
[Result "1-0"]
[WhiteTitle "GM"]
[BlackTitle "FM"]
[WhiteElo "2490"]
[BlackElo "2299"]
[WhiteTeam "C'Chartres Echecs"]
[BlackTeam "Tremblay en France"]
[WhiteFideId "36083534"]
[BlackFideId "36099775"]
[EventDate "2022.06.09"]

1. e4 c5 2. Nf3 d6 3. Nc3 Nc6 4. d4 cxd4 5. Nxd4 Nf6 6. Bg5 e6 7. Qd3 Bd7 8.
Ndb5 Nb4 9. Qd1 a6 10. Bxf6 gxf6 11. a3 Nxc2+ 12. Qxc2 axb5 13. Bxb5 Bxb5 14.
Nxb5 Qa5+ 15. Nc3 Qa6 16. Qe2 Be7 17. Rd1 Rg8 18. g3 Rg5 19. Rd3 b5 20. O-O Qb6
21. Rfd1 b4 22. axb4 Qxb4 23. Rd4 Qb6 24. b4 Kf8 25. Kg2 Kg8 26. h4 Rg7 27. Qb5
Qd8 28. Rc4 Kh8 29. Rc6 Rc8 30. Ra1 Rg8 31. Ra7 Rb8 32. Rb7 d5 33. exd5 Rxb7 34.
Qxb7 exd5 35. Rc7 d4 36. Nd5 Bf8 37. Rxf7 Bg7 38. Nxf6 d3 39. Nxg8 d2 40. Rxg7 1-0

[Event "TCh-FRA Top 16 GpA 2022"]
[Site "Chartres FRA"]
[Date "2022.06.10"]
[Round "2.4"]
[Board "7"]
[White "Mekhane, Adam"]
[Black "Guliyev, Namig"]
[Result "0-1"]
[WhiteTitle "FM"]
[BlackTitle "GM"]
[WhiteElo "2271"]
[BlackElo "2547"]
[WhiteTeam "Tremblay en France"]
[BlackTeam "C'Chartres Echecs"]
[WhiteFideId "36050601"]
[BlackFideId "13400363"]
[EventDate "2022.06.09"]

1. e4 e5 2. Nf3 Nf6 3. Nxe5 d6 4. Nf3 Nxe4 5. d4 d5 6. Bd3 Be7 7. O-O Nc6 8. c4
Nf6 9. h3 Nb4 10. Be2 dxc4 11. Bxc4 O-O 12. Nc3 c6 13. Bg5 Bf5 14. a3 Nbd5 15.
Re1 h6 16. Bh4 Bh7 17. Ne5 Nb6 18. Ba2 Nfd5 19. Nxd5 Bxh4 20. Nxb6 axb6 21. Nxf7
Rxf7 22. Qh5 g6 23. Bxf7+ Kxf7 24. Qxh6 Kg8 25. Qe3 Bf6 26. Qe6+ Kg7 27. Rad1
Bg8 28. Qg4 Ra4 29. g3 Bf7 30. Re4 Qd5 31. h4 c5 32. Kh2 Rxd4 33. Rde1 Rxe4 34.
Rxe4 Bxb2 35. Re7 c4 36. Qc8 Qc5 37. Qxb7 Qxf2+ 38. Kh3 Bxa3 39. Rc7 Bd6 0-1

[Event "TCh-FRA Top 16 GpA 2022"]
[Site "Chartres FRA"]
[Date "2022.06.10"]
[Round "2.4"]
[Board "8"]
[White "Martsynovskaya, Marina"]
[Black "Aflalo, Sophie"]
[Result "1/2-1/2"]
[WhiteTitle "WIM"]
[WhiteElo "2070"]
[BlackElo "2125"]
[WhiteTeam "C'Chartres Echecs"]
[BlackTeam "Tremblay en France"]
[WhiteFideId "609218"]
[BlackFideId "656887"]
[EventDate "2022.06.09"]

1. e4 c5 2. Nf3 Nc6 3. d4 cxd4 4. Nxd4 Nf6 5. Nc3 e5 6. Ndb5 d6 7. Bg5 a6 8. Na3
b5 9. Bxf6 gxf6 10. Nd5 f5 11. g3 Bg7 12. Bg2 f4 13. c3 O-O 14. Qh5 Ne7 15. Nc2
a5 16. Nxe7+ Qxe7 17. gxf4 exf4 18. O-O Qe5 19. Qxe5 dxe5 20. Rfd1 Bg4 21. f3
Be6 22. Bf1 Rfb8 23. Na3 b4 24. cxb4 Rxb4 25. b3 a4 26. Bc4 Bxc4 27. Nxc4 axb3
28. axb3 Rxa1 29. Rxa1 Rxb3 30. Ra8+ Bf8 31. Nxe5 Kg7 32. Kg2 Bc5 33. Ra2 Bd4
34. Ng4 h5 35. Nf2 f6 36. Rd2 Be3 37. Rc2 Kf7 38. Nd1 Bd4 39. Rd2 Be5 40. Nf2
Ke7 41. Nd3 Bd6 42. Kh3 Ke6 43. Kg2 Rc3 44. Kf2 Rc4 45. Kg2 Rc3 46. Kf2 h4 47.
Kg2 Be5 48. Kh3 f5 49. Nxe5 Kxe5 50. Rd5+ Ke6 51. Rxf5 Rxf3+ 52. Kxh4 Re3 53.
Rxf4 Ke5 54. Kg5 Rh3 55. Rh4 Re3 56. Rh8 Re1 57. Re8+ Kd6 58. h4 Rg1+ 59. Kh6
Kd7 60. Re5 Re1 61. Kg6 Rh1 62. h5 Kd6 63. Kf6 Rh4 64. Re6+ Kd7 65. Re7+ Kd8 66.
Kg5 Rxh5+ 67. Kxh5 Kxe7 68. Kg5 Ke6 69. Kf4 Kf6 70. e5+ Ke6 71. Ke4 Ke7 72. Kd5
Kd7 73. e6+ Ke8 74. Kd6 Kd8 75. e7+ Ke8 76. Ke6 1/2-1/2